00638nam a2200157 a 4500008004100000020001800041050001500059100002100074245020900095260003400304300001700338650003600355650003900391650003000430700002000460160929s2016 ||||||||||||||||| || u a9781482861235 aHC 915 ZAM aSumaili, Fanuel 10aZambia: at fifty years : what went right, what went wrong and wither to. A treatise of the country's socio-economic and political developments since independencecedited by Royson Mukwena & Fanuel Sumaili aSouth AfricabPartridgec2016 ax, 390 pages 0aZAMBIA--POLITICS AND GOVERNMENT 0aZAMBIA--ECONOMIC CONDITIONS--1964- aZAMBIA--SOCIAL CONDITIONS aMukwena, Royson